Hyperloop půjde do zkušební fáze

Futuristická idea vizionára a podnikateľa Elona Muska je blízko realite a niektoré predpovede hovoria, že prvý cestujúci alebo náklad sa tzv. hyperloopom zvezú už o päť rokov. Zakladateľ automobilky Tesla Motors a kozmickej spoločnosti SpaceX prišiel s ideou hyperloopu v r. 2013. Hypereloop je kombi...

Descripción completa

Guardado en:
Detalles Bibliográficos
Autor principal: Skoupá, Adéla
Formato: Capítulo de libro
Lenguaje:checo
Materias:
Etiquetas: Agregar Etiqueta
Sin Etiquetas, Sea el primero en etiquetar este registro!

MARC

LEADER 00000naa a2200000 4500
001 0214872
005 20221104111656.7
041 0 |a cze 
044 |a CZ 
245 1 0 |a Hyperloop půjde do zkušební fáze  |c Adéla Skoupá 
520 |a Futuristická idea vizionára a podnikateľa Elona Muska je blízko realite a niektoré predpovede hovoria, že prvý cestujúci alebo náklad sa tzv. hyperloopom zvezú už o päť rokov. Zakladateľ automobilky Tesla Motors a kozmickej spoločnosti SpaceX prišiel s ideou hyperloopu v r. 2013. Hypereloop je kombináciou nadzemnej dráhy a potrubnej pošty. Od hyperloopu si mnohí sľubujú, že zmení budúcnosť dopravy nielen medzi Los Angelesom a San Franciscom ale aj inde na svete. 
610 2 0 |a doprava osobná 
610 2 0 |a doprava nákladná 
610 2 0 |a doprava potrubná 
610 2 0 |a technológie nové 
610 2 0 |a podnikatelia 
610 2 0 |a podnikanie 
610 2 0 |a USA 
100 1 |a Skoupá, Adéla